| 000 | 00736cab a2200253 4500 | ||
|---|---|---|---|
| 001 | ABS51444 | ||
| 008 | 090401t1994 xxu||||| |||| 00| 0 eng d | ||
| 035 | _a(Sirsi) u27222 | ||
| 041 | _aeng | ||
| 245 | _aPloughing through the rubbish | ||
| 260 | _c1994 | ||
| 350 | _a0 | ||
| 490 |
_aCSM (Chartered Surveyor Monthly) _v3(11) September 1994, 30(1) |
||
| 520 | _aDiscusses the implementation of waste local plans. | ||
| 650 | _aENVIRONMENTAL PROTECTION ACT 1990 PART II | ||
| 650 | _aPLANNING APPLICATIONS | ||
| 650 | _aWASTE DISPOSAL | ||
| 650 | _aWASTE LOCAL PLANS | ||
| 650 | _aWASTE MANAGEMENT | ||
| 650 | _aWASTE REGULATION AUTHORITIES | ||
| 690 | _aPLANNING LAW AND PRACTICE | ||
| 942 | _n0 | ||
| 948 | _c04/03/1997 | ||
| 999 |
_c18325 _d18325 |
||